Vai trò của báo chí trong định hướng dư luận xã hội
Sách nói về vai trò định hướng dư luận xã hội của báo chí và thực trạng định hướng dư luận xã hội của báo chí những vấn đề đặt ra.
Đã lưu trong:
| 主要作者: | |
|---|---|
| 格式: | 圖書 |
| 語言: | Vietnamese |
| 出版: |
H.
Chính trị Quốc gia - Sự thật
2012
|
| 主題: | |
| 標簽: |
添加標簽
沒有標簽, 成為第一個標記此記錄!
|
| Thư viện lưu trữ: | Thư viện Trường Đại học Nam Cần Thơ |
|---|
| LEADER | 01150nam a22002057a 4500 | ||
|---|---|---|---|
| 001 | NCT_58232 | ||
| 008 | 190117b xxu||||| |||| 00| 0 vie d | ||
| 999 | |c 2819 |d 2819 | ||
| 020 | |c 41000 | ||
| 082 | 0 | 4 | |2 23rd ed. |a 303.23 |b Ngh301 |
| 100 | 1 | |a Đỗ Chí Nghĩa | |
| 245 | 1 | 0 | |a Vai trò của báo chí trong định hướng dư luận xã hội |c Đỗ Chí Nghĩa |
| 260 | |a H. |b Chính trị Quốc gia - Sự thật |c 2012 | ||
| 300 | |a 239 tr. |c 21cm | ||
| 520 | 3 | |a Sách nói về vai trò định hướng dư luận xã hội của báo chí và thực trạng định hướng dư luận xã hội của báo chí những vấn đề đặt ra. | |
| 653 | |a Quan hệ công chúng (PR) | ||
| 942 | |2 ddc |c BK | ||
| 952 | |0 0 |1 0 |2 ddc |4 0 |6 303_230000000000000_NGH301 |7 0 |9 15317 |a 000001 |b 000001 |d 2019-01-17 |o 303.23 Ngh301 |p MD.13975 |r 2019-01-17 |v 41000.00 |w 2019-01-17 |y BK | ||
| 952 | |0 0 |1 0 |2 ddc |4 0 |6 303_230000000000000_NGH301 |7 0 |9 15318 |a 000001 |b 000001 |d 2019-01-17 |o 303.23 Ngh301 |p MD.13976 |r 2019-01-17 |v 41000.00 |w 2019-01-17 |y BK | ||
| 980 | |a Thư viện Trường Đại học Nam Cần Thơ | ||